Statistics for World cup 2022 - Map Quiz

Click here to take the quiz!

General Stats

  • This quiz has been taken 5 times
  • The average score is 19 of 32

Answers on the Map

Answers color-coded by a green-red scale on the quiz's map according to % correct below.
 

Answer Stats

Answer% Correct
Ecuador
100%
Netherlands
100%
Qatar
100%
Argentina
75%
Australia
75%
Brazil
75%
Canada
75%
Costa Rica
75%
Japan
75%
Mexico
75%
Morocco
75%
Portugal
75%
Saudi Arabia
75%
Senegal
75%
Spain
75%
Tunesia
75%
USA
75%
Cameroon
50%
Croatia
50%
Denmark
50%
France
50%
Germany
50%
Ghana
50%
Iran
50%
Korea Republic
50%
Uruguay
50%
Belgium
25%
Poland
25%
Serbia
25%
Switzerland
25%
Wales
25%
England
0%

Score Distribution

Percentile by Number Answered

Percent of People with Each Score

Your Score History

You have not taken this quiz